| 000 | 00500nam a2200193 a 4500 | ||
|---|---|---|---|
| 001 | 13789 | ||
| 003 | CO-ViMGA | ||
| 008 | 141112s2004 ck r 000 u spa d | ||
| 020 | _a9580430225 | ||
| 040 |
_aCO-ViMGA _bspa _cCO-ViMGA |
||
| 082 | 0 | 4 | _aDISbe |
| 100 | 1 |
_aDisney, _910329 |
|
| 245 | 1 | 0 | _aLa Bella y la bestia |
| 260 |
_aBarcelona : _bNorma, _c1995 |
||
| 300 | _a111 | ||
| 590 | _aForma de adquisición : Compra - - Ejemplares : 2 | ||
| 650 | 1 | 4 |
_aCUENTOS INFANTILES _92743 |
| 942 |
_2ddc _cBK |
||
| 999 |
_c24498 _d24498 |
||